| 000 | 00807nam a2200265 i 4500 | ||
|---|---|---|---|
| 001 | bg | ||
| 100 | 1 | _aBIRD, POLLY | |
| 245 | 1 | 0 |
_aPoskromić telefon Czyli jak efektywnie wykorzystać telefon / _cPolly Bird ; [przekł. z ang. Elżbieta Petrajtis-O'Neill, Jacek Marczewski]. |
| 246 |
_iTyt. oryg.: _aTame that phone |
||
| 260 |
_aWarszawa : _b[Business Press], _c[1995]. |
||
| 300 |
_a182, [1] s. : _brys. ; _c21 cm. |
||
| 490 | 1 | _aBusinessman Book | |
| 500 | _aOryg. : "Tame that phone" 1994. | ||
| 650 | 9 |
_aTelefon _xzagadnienia |
|
| 650 | 9 | _aRozmowa | |
| 655 | _aPoradniki | ||
| 830 | _aBusinessman Book | ||
| 020 | _a8390510634 | ||
| 040 | _cBPK | ||
| 041 | 1 |
_apl _henen |
|
| 080 | _a651:395:316.7 | ||
| 920 | _a83-905106-3-4 | ||
| 942 | _cKS | ||
| 008 | s pl f |000 0 pol | ||
| 999 |
_c32868 _d32868 |
||